| 000 | 00672nam a22002177a 4500 | ||
|---|---|---|---|
| 999 |
_c12357 _d12357 |
||
| 003 | AR-CdUCM | ||
| 008 | 190408b ||||| |||| 00| 0 spa d | ||
| 040 |
_aMUNICIPALIDAD PROVINCIAL DEL CUSCO _cBIBLIOTECA MUNICIPAL DEL CUSCO |
||
| 082 |
_aC / 869.56 / _bAN59 |
||
| 100 |
_aAndrade, Manoel de _930179 |
||
| 245 | _aPoemas para la libertad / | ||
| 260 |
_aCusco : _bFederación Universitaria Cuzco, _c1970. |
||
| 300 | _c21 cm. | ||
| 500 | _aTexto no cuenta con numeración de páginas. | ||
| 505 | _aContenido: Poemas. | ||
| 650 |
_aLiteratura Peruana _9132 |
||
| 650 |
_aSiglo XX _98 |
||
| 650 |
_aPoemas _9929 |
||
| 942 |
_2ddc _cLIBROS |
||
| 945 |
_aachl _d2019-04-08 |
||